Statistics for Elevator Word Chain Game

Click here to take the quiz!

General Stats

  • This quiz has been taken 384 times
  • The average score is 15 of 20

Answer Stats

Clue Ans wer % Correct
To make again; renewMakeOver
90%
Transform one's hair, makeup, clothesOverLook
87%
Inflated or explodedUpTown
84%
_______ when... (old days)BackBone
84%
Breifcase, to some, but largerCaseStudy
83%
Jesse James, e.g.LawSuit
81%
Claim or dispute brought to courtSuitCase
80%
Slang term for 'spine'BoneHead
79%
A foolish or stupid personHeadStrong
79%
______ Funk (Mark Ronson ft. Bruno)TownHouse
77%
Path to entrances or doorwaysWayBack
77%
A person to keep watch for dangerOutLaw
77%
Blindly miss; went 'over the head'LookOut
73%
Determined to have one's one wayStrongMind
72%
A luxurious house in a large cityHousePlan
72%
Having a forceful, independent mindMindBlown
70%
You understand something shockingBlownUp
68%
Group that helps environment, esp.StudyHall
63%
Design plan of house (blueprint)Plan---
59%
Free school period, complete workHallWay
54%

Score Distribution

Percentile by Number Answered

Percent of People with Each Score

Your Score History

You have not taken this quiz